00687nam a22002057a 450000500170000001000130001702000220003003500130005203700160006504000120008108200160009310000200010924500630012926000530019227000500024530000270029550000510032265000590037365000490043220170124110004.0 aA-895920 c00.00a8170247977 aA-895920 bCen Lib/Ret aDPLbEN a362.88bDAS aDas, Bharat B.  aVictims in the criminal justice system /cby Bharat B. Das aNew DelhibA. P. H. Publishing Corporationc1997 bNew Delhia5, Ansari Road, Darya Ganje110002 axviii,197p. c22cm(Hb) aIncludes bibliographical references and index  aVictims of crimes -- Legal status, laws, etc. -- India aCriminal justice, Administration of -- India